000 01249nam a22003497a 4500
003 CHAP
005 20220329135120.0
008 971013s1977 r 00010 d
010 _a31153
011 _a32125
035 _a36238
040 _cCHAP
090 _aTesis
100 0 0 _aLoperena Zúñiga, José L.
_968499
245 _aContribución al estudio de la inmunidad congénita en el pollo y la respuesta a la vacunación contra la Enfermnedad Newcastle
260 _aMéxico, D.F. :
_bEl autor,
_c1977
300 _a27 h.
_b: gráfs.
502 _aTesis (Médico Veterinario Zootecnista) -- UNAM. Fac. de Medicina Veterinaria y Zootecnia
590 _aALEPH
_b10
_c20130110
_lUCH01
_h1253
590 _aBATCH-UPD
_b10
_c20130110
_lUCH01
_h0201
590 _aBATCH-UPD
_b10
_c20130110
_lUCH01
_h1700
590 _aBATCH-UPD
_b10
_c20130409
_lUCH01
_h2210
590 _aBATCH-UPD
_b10
_c20130410
_lUCH01
_h1048
590 _aBATCH-UPD
_b10
_c20130914
_lUCH01
_h0443
590 _aCONVERSION
_b10
_c20130109
_lUCH01
_h1318
650 1 4 _aAntigenos y anticuerpos.
_96080
650 1 4 _aAves de corral
_xEnfermedades.
_98646
650 1 4 _aEnfermedad de Newcastle.
_936929
901 _aBK
942 _cTESIS
949 _bBC
_cTES
_d-83449
_eTS1
_i36238
_si
999 _c31153
_d31153